Normal view
MARC view
Entry Personal Name
001 - CONTROL NUMBER
- control field: 46152
003 - CONTROL NUMBER IDENTIFIER
- control field: ARRUPE
005 - DATE AND TIME OF LATEST TRANSACTION
- control field: 20190430115931.0
008 - FIXED-LENGTH DATA ELEMENTS
- fixed length control field: 190430|| aca||aabn | a|a d
040 ## - CATALOGING SOURCE
- Original cataloging agency: ARRUPE
- Transcribing agency: ARRUPE
100 ## - HEADING--PERSONAL NAME
- Personal name: O' Connell, Matthew J. tr.
670 ## - SOURCE DATA FOUND
- Source citation: Work cat.: (ARRUPE)4631: Adam, Adolf 46150, The liturgical year, 1981